[Event "LSS No Engine Cup 89 Preliminary 1"]
[Site "LSS email"]
[Date "2013.06.14"]
[Round "?"]
[White "Digiglio, Rafael"]
[Black "Lobanov, Aleksandr Vladimiro"]
[Result "0-1"]
[WhiteElo "764"]
[BlackElo "2145"]
[PlyCount "86"]
[EventDate "2013.06.15"]
[EventType "tourn (corr)"]
[EventRounds "6"]
[EventCountry "GER"]
[SourceTitle "Telechess CBM 163"]
[Source "ChessBase"]
[SourceDate "2014.11.11"]
[SourceVersion "2"]
[SourceVersionDate "2014.11.11"]
[SourceQuality "1"]

1. Nf3 Nf6 2. Nc3 d5 3. d4 e6 4. e3 c5 5. Bb5+ Nc6 6. Bxc6+ bxc6 7. 0-0 Be7 8. Ne5 Bd7 9. Na4 cxd4 10. Nxd7 Nxd7 11. exd4 0-0 12. Bf4 Nb6 13. Nxb6 axb6 14. c3 c5 15. a3 Bd6 16. Bxd6 Qxd6 17. f4 cxd4 18. Qxd4 Qc5 19. Qxc5 bxc5 20. Rad1 Rab8 21. Rd2 c4 22. Ra1 Rb7 23. a4 Rfb8 24. Ra2 Kf8 25. a5 Ke7 26. a6 Ra7 27. Kf2 Rb6 28. Re2 Rbxa6 29. Rxa6 Rxa6 30. g4 Ra1 31. Kg2 Rb1 32. h4 g6 33. g5 f6 34. Rf2 Re1 35. Kf3 f5 36. Kg3 Kd6 37. Kg2 e5 38. fxe5+ Kxe5 39. Kf3 Re4 40. Kg3 Re3+ 41. Rf3 Rxf3+ 42. Kxf3 d4 43. cxd4+ Kxd4 0-1

[Event "RM-2013-0-00122"]
[Site "LSS email"]
[Date "2013.06.12"]
[Round "?"]
[White "Lobanov, Aleksandr Vladimiro"]
[Black "Szabo, Mihaly"]
[Result "1/2-1/2"]
[WhiteElo "2161"]
[BlackElo "2207"]
[PlyCount "73"]
[EventDate "2013.04.30"]
[EventType "tourn (corr)"]
[EventRounds "6"]
[EventCountry "GER"]
[SourceTitle "Telechess CBM 161"]
[Source "ChessBase"]
[SourceDate "2014.07.16"]
[SourceVersion "1"]
[SourceVersionDate "2014.07.16"]
[SourceQuality "1"]

1. d4 Nf6 2. c4 e6 3. g3 c5 4. d5 exd5 5. cxd5 g6 6. Nc3 d6 7. Bg2 Bg7 8. Nf3 0-0 9. 0-0 Re8 10. a4 Ne4 11. Nxe4 Rxe4 12. Nd2 Rb4 13. Qc2 Nd7 14. Ra2 b5 15. axb5 Rxb5 16. Ne4 Nf6 17. Nc3 Rb7 18. Re1 Rab8 19. Nd1 Nd7 20. Bd2 a6 21. f4 Qe7 22. Qd3 Rb3 23. Bc3 Bd4+ 24. e3 f5 25. Nf2 Bxc3 26. bxc3 Nf6 27. Raa1 Qa7 28. e4 c4 29. Qxc4 fxe4 30. Bxe4 a5 31. Qd4 Qxd4 32. cxd4 Ra8 33. Bc2 Rb6 34. Ba4 Bb7 35. Reb1 Rxb1+ 36. Rxb1 Bxd5 37. Nd1 1/2-1/2

[Event "RM-2013-0-00122"]
[Site "LSS email"]
[Date "2013.06.11"]
[Round "?"]
[White "Pepermans, Toon"]
[Black "Lobanov, Aleksandr Vladimiro"]
[Result "1/2-1/2"]
[WhiteElo "2355"]
[BlackElo "2161"]
[PlyCount "83"]
[EventDate "2013.04.30"]
[EventType "tourn (corr)"]
[EventRounds "6"]
[EventCountry "GER"]
[SourceTitle "Telechess CBM 161"]
[Source "ChessBase"]
[SourceDate "2014.07.16"]
[SourceVersion "1"]
[SourceVersionDate "2014.07.16"]
[SourceQuality "1"]

1. d4 Nf6 2. c4 e6 3. Nc3 Bb4 4. Qc2 0-0 5. Nf3 c5 6. dxc5 Na6 7. g3 Nxc5 8. Bg2 Nce4 9. 0-0 Nxc3 10. bxc3 Bc5 11. e4 d6 12. e5 dxe5 13. Nxe5 Qc7 14. Qe2 Bd6 15. Bf4 Ne8 16. c5 Qxc5 17. c4 Rb8 18. Rab1 f6 19. Nd3 Qc7 20. Bd2 b6 21. Nb4 e5 22. Nc6 Rb7 23. Bb4 Bxb4 24. Nxb4 Nd6 25. Bxb7 Qxb7 26. Nd5 Qf7 27. Rbc1 Bh3 28. Rfd1 Nf5 29. g4 Qg6 30. f3 Qg5 31. Qe4 Nh4 32. Rc3 h5 33. Nc7 Nxf3+ 34. Qxf3 Bxg4 35. Qd5+ Rf7 36. Rg3 h4 37. Ne6 Qf5 38. Nxg7 Kxg7 39. Rg2 h3 40. Rg3 Qf4 41. Rf1 Qg5 42. Qe4 1/2-1/2

[Event "RM-2013-0-00122"]
[Site "LSS email"]
[Date "2013.06.10"]
[Round "?"]
[White "Cimicki, Dariusz"]
[Black "Lobanov, Aleksandr Vladimiro"]
[Result "1/2-1/2"]
[WhiteElo "2132"]
[BlackElo "2161"]
[PlyCount "47"]
[EventDate "2013.04.30"]
[EventType "tourn (corr)"]
[EventRounds "6"]
[EventCountry "GER"]
[SourceTitle "Telechess CBM 161"]
[Source "ChessBase"]
[SourceDate "2014.07.16"]
[SourceVersion "1"]
[SourceVersionDate "2014.07.16"]
[SourceQuality "1"]

1. e4 c5 2. Nf3 Nc6 3. d4 cxd4 4. Nxd4 Nf6 5. Nc3 e5 6. Ndb5 d6 7. Bg5 a6 8. Na3 b5 9. Nd5 Be7 10. Bxf6 Bxf6 11. c4 b4 12. Nc2 0-0 13. Be2 Bg5 14. 0-0 Rb8 15. b3 Be6 16. Qd3 a5 17. a3 bxa3 18. Rxa3 Qd7 19. Rd1 f5 20. Bf3 f4 21. Nc3 Be7 22. Nb5 Qc8 23. Qe2 Rd8 24. Raa1 1/2-1/2

[Event "RM-2013-0-00122"]
[Site "LSS email"]
[Date "2013.06.10"]
[Round "?"]
[White "Vesely, Emanuel"]
[Black "Lobanov, Aleksandr Vladimiro"]
[Result "1/2-1/2"]
[WhiteElo "2222"]
[BlackElo "2161"]
[PlyCount "55"]
[EventDate "2013.04.30"]
[EventType "tourn (corr)"]
[EventRounds "6"]
[EventCountry "GER"]
[SourceTitle "Telechess CBM 161"]
[Source "ChessBase"]
[SourceDate "2014.07.16"]
[SourceVersion "1"]
[SourceVersionDate "2014.07.16"]
[SourceQuality "1"]

1. e4 c5 2. Nf3 Nc6 3. d4 cxd4 4. Nxd4 Nf6 5. Nc3 e5 6. Ndb5 d6 7. Bg5 a6 8. Na3 b5 9. Nd5 Be7 10. Bxf6 Bxf6 11. c3 Rb8 12. Nc2 0-0 13. h4 g6 14. g3 Bg7 15. h5 Ne7 16. Nce3 Nxd5 17. Nxd5 Be6 18. Qd2 Bf6 19. hxg6 fxg6 20. Bh3 Bxd5 21. Qxd5+ Kg7 22. 0-0 Be7 23. Kg2 Rf6 24. f4 exf4 25. gxf4 Qf8 26. Qd4 Kh8 27. Rad1 Qg7 28. Rd3 1/2-1/2

[Event "LSS No Engine Cup 88 Preliminary 1"]
[Site "LSS email"]
[Date "2013.05.25"]
[Round "?"]
[White "Kratky, Josef"]
[Black "Lobanov, Aleksandr Vladimiro"]
[Result "1/2-1/2"]
[WhiteElo "1145"]
[BlackElo "2145"]
[PlyCount "41"]
[EventDate "2013.05.26"]
[EventType "tourn (corr)"]
[EventRounds "6"]
[EventCountry "GER"]
[SourceTitle "Telechess CBM 163"]
[Source "ChessBase"]
[SourceDate "2014.11.11"]
[SourceVersion "2"]
[SourceVersionDate "2014.11.11"]
[SourceQuality "1"]

1. d4 Nf6 2. c4 e6 3. Nc3 Bb4 4. Qc2 0-0 5. e4 d5 6. e5 Ne4 7. Bd3 Nxc3 8. bxc3 Be7 9. Bxh7+ Kh8 10. Bd3 dxc4 11. Bxc4 c5 12. Nf3 Nc6 13. Qd1 cxd4 14. cxd4 b5 15. Be2 Bb7 16. 0-0 Qd5 17. Be3 Rac8 18. Qb3 Qxb3 19. axb3 a6 20. Rfc1 Nb4 21. Rxc8 1/2-1/2

[Event "LSS No Engine Cup 88 Preliminary 1"]
[Site "LSS email"]
[Date "2013.05.25"]
[Round "?"]
[White "Malyszek, Tomasz"]
[Black "Lobanov, Aleksandr Vladimiro"]
[Result "0-1"]
[WhiteElo "956"]
[BlackElo "2145"]
[PlyCount "84"]
[EventDate "2013.05.26"]
[EventType "tourn (corr)"]
[EventRounds "6"]
[EventCountry "GER"]
[SourceTitle "Telechess CBM 163"]
[Source "ChessBase"]
[SourceDate "2014.11.11"]
[SourceVersion "2"]
[SourceVersionDate "2014.11.11"]
[SourceQuality "1"]

1. e4 c5 2. Nf3 d6 3. Bc4 e6 4. Nc3 Nc6 5. d4 cxd4 6. Nxd4 Nf6 7. Nxc6 bxc6 8. 0-0 Be7 9. Bg5 Qb6 10. Bxf6 gxf6 11. Bb3 Bd7 12. Na4 Qc7 13. Qg4 Bf8 14. c4 Bh6 15. Qh4 Bg5 16. Qh5 Bf4 17. c5 d5 18. exd5 cxd5 19. Rfe1 Kf8 20. g3 Be5 21. Qh6+ Kg8 22. g4 Bxa4 23. Bxa4 Rb8 24. Re2 Rb4 25. Bc2 Rxg4+ 26. Kh1 Qxc5 27. f3 Bxb2 28. Rb1 Rg6 29. Bxg6 hxg6 30. Qf4 Be5 31. Rxe5 fxe5 32. Qxe5 Kh7 33. Rb7 Rf8 34. Qf6 Kg8 35. Rb1 d4 36. Rg1 Rb8 37. Rg4 Qc1+ 38. Kg2 Rb2+ 39. Kh3 Qf1+ 40. Kg3 Qg2+ 41. Kf4 Qxh2+ 42. Kg5 Rb5+ 0-1

[Event "RM-2013-0-00119"]
[Site "LSS email"]
[Date "2013.05.12"]
[Round "?"]
[White "Florea, Valentin Mihail"]
[Black "Lobanov, Aleksandr Vladimiro"]
[Result "1/2-1/2"]
[WhiteElo "2183"]
[BlackElo "2161"]
[PlyCount "100"]
[EventDate "2013.03.09"]
[EventType "tourn (corr)"]
[EventRounds "6"]
[EventCountry "GER"]
[SourceTitle "Telechess CBM 161"]
[Source "ChessBase"]
[SourceDate "2014.07.16"]
[SourceVersion "1"]
[SourceVersionDate "2014.07.16"]
[SourceQuality "1"]

1. e4 c5 2. Nf3 Nc6 3. d4 cxd4 4. Nxd4 Nf6 5. Nc3 e5 6. Ndb5 d6 7. Bg5 a6 8. Na3 b5 9. Bxf6 gxf6 10. Nd5 f5 11. Bd3 Be6 12. 0-0 Bxd5 13. exd5 Ne7 14. Nxb5 Bg7 15. Nc3 e4 16. Bc4 0-0 17. Qh5 Qc8 18. Bb3 Bxc3 19. bxc3 f4 20. c4 Ng6 21. Kh1 a5 22. a4 Re8 23. Qe2 Re5 24. Rg1 Kh8 25. c3 Qc5 26. Rab1 Rb8 27. Bc2 Rxb1 28. Bxb1 Kg7 29. Rf1 f5 30. Bc2 Kf6 31. Bd1 Re7 32. Qa2 Ne5 33. Qd2 e3 34. fxe3 Qxe3 35. Qa2 Rb7 36. h3 Qxc3 37. Qf2 Qg3 38. Qxf4 Qxf4 39. Rxf4 Rb1 40. Rd4 Nxc4 41. Rxc4 Rxd1+ 42. Kh2 Rxd5 43. Rh4 Kg6 44. Kg3 Re5 45. Rd4 d5 46. Kf3 Kf6 47. Rh4 Kg7 48. Rd4 h5 49. Rh4 Kg6 50. Rd4 Kg5 1/2-1/2

[Event "RM-2013-0-00119"]
[Site "LSS email"]
[Date "2013.05.12"]
[Round "?"]
[White "Lobanov, Aleksandr Vladimiro"]
[Black "Morcin, Tom"]
[Result "1/2-1/2"]
[WhiteElo "2161"]
[BlackElo "2115"]
[PlyCount "67"]
[EventDate "2013.03.09"]
[EventType "tourn (corr)"]
[EventRounds "6"]
[EventCountry "GER"]
[SourceTitle "Telechess CBM 161"]
[Source "ChessBase"]
[SourceDate "2014.07.16"]
[SourceVersion "1"]
[SourceVersionDate "2014.07.16"]
[SourceQuality "1"]

1. d4 Nf6 2. c4 e6 3. g3 d5 4. Nf3 Be7 5. Bg2 0-0 6. a4 c5 7. 0-0 Nc6 8. cxd5 exd5 9. dxc5 Bxc5 10. Bg5 h6 11. Bxf6 Qxf6 12. Nc3 Be6 13. Nxd5 Qxb2 14. Nc7 Rad8 15. Qc1 Qxc1 16. Raxc1 Bb6 17. Nxe6 fxe6 18. Rfd1 Kf7 19. e3 Ke7 20. Kf1 Rxd1+ 21. Rxd1 Rf5 22. Rc1 Rc5 23. Rxc5 Bxc5 24. Ke2 a6 25. Nd2 Kd7 26. Ne4 Be7 27. Kd3 b5 28. axb5 axb5 29. Bf1 Ne5+ 30. Kc3 Kc6 31. Bh3 Kd7 32. Kb3 Nc4 33. Bg4 Na5+ 34. Kc2 1/2-1/2

[Event "RM-2013-0-00119"]
[Site "LSS email"]
[Date "2013.05.12"]
[Round "?"]
[White "Sherwood, Russell"]
[Black "Lobanov, Aleksandr Vladimiro"]
[Result "1/2-1/2"]
[WhiteElo "2179"]
[BlackElo "2161"]
[PlyCount "49"]
[EventDate "2013.03.09"]
[EventType "tourn (corr)"]
[EventRounds "6"]
[EventCountry "GER"]
[SourceTitle "Telechess CBM 161"]
[Source "ChessBase"]
[SourceDate "2014.07.16"]
[SourceVersion "1"]
[SourceVersionDate "2014.07.16"]
[SourceQuality "1"]

1. e4 c6 2. d4 d5 3. Nc3 dxe4 4. Nxe4 Bf5 5. Ng3 Bg6 6. h4 h6 7. h5 Bh7 8. Nf3 e6 9. Bd3 Bxd3 10. Qxd3 Qc7 11. Ne4 Nd7 12. Bd2 Ngf6 13. 0-0-0 0-0-0 14. g3 Nc5 15. Nxc5 Bxc5 16. c4 Bb6 17. Bf4 Qe7 18. Kb1 Rd7 19. Qe2 Rhd8 20. Rd3 c5 21. Rh4 cxd4 22. Rh1 Bc7 23. Ne5 Rd6 24. Rhd1 Nd7 25. Nxd7 1/2-1/2